|
|
|
|
| LEADER |
00000cam a2200000 a 4500 |
| 001 |
vtls001108100 |
| 003 |
SK-MaSNL |
| 005 |
20260301055401.0 |
| 008 |
250313s1980 xo np 000 0 slo |
| 015 |
|
|
|a SNBA1980
|
| 035 |
|
|
|a SNK000050942
|
| 035 |
|
|
|a urn:nbn:sk:snk-aml69n
|
| 035 |
|
|
|a urn:nbn:sk:snk-am008utl
|
| 035 |
|
|
|a 7A73D5FA-F8A5-4216-9EC6-468358B07DF6
|
| 040 |
|
|
|a SNK
|b slo
|c SNK
|e AACR2
|
| 041 |
0 |
|
|a slo
|
| 044 |
|
|
|a xo
|c SK
|
| 080 |
|
|
|a 631.1:633(075.8)
|2 1981
|
| 080 |
|
|
|a 633(075.8)
|2 1981
|
| 080 |
|
|
|a 633
|2 1981
|
| 080 |
|
|
|a 631.1(075.8)
|2 1981
|
| 080 |
|
|
|a 338.43(075.8)
|2 1981
|
| 100 |
1 |
|
|a Jurášek, Prokop,
|d 1929-
|4 aut
|9 97875
|
| 245 |
1 |
0 |
|a Ekonomika poľnohospodárskych odvetví
|b ekonomika odvetví rastlinnej výroby
|n 3. diel
|c Prokop Jurášek
|
| 250 |
|
|
|a 1. vyd.
|
| 260 |
|
|
|a Bratislava
|b Vysoká škola ekonomická
|c 1980
|
| 300 |
|
|
|a 201 s.
|c 29 cm
|
| 366 |
|
|
|e 200 výt.
|
| 490 |
1 |
|
|a Vysokoškolské skriptá
|
| 500 |
|
|
|a Vysvetl. k tb.
|
| 504 |
|
|
|a Bibliogr.
|
| 650 |
0 |
7 |
|a ekonomika poľnohospodárstva
|2 SNKPH
|9 3609
|
| 650 |
0 |
7 |
|a rastlinná výroba
|2 SNKPH
|9 2835
|
| 655 |
|
7 |
|a učebnice vysokých škôl
|2 SNKPH
|9 70191
|
| 830 |
|
0 |
|a Vysokoškolské skriptá
|9 276440
|
| 852 |
|
|
|a Slovenská národná knižnica
|
| 958 |
|
|
|a OND
|
| 958 |
|
|
|a NB
|
| 999 |
|
|
|c 613248
|d 615178
|
| 952 |
|
|
|a SNK
|b SNK
|y PREZ
|7 0
|p 17A0987236
|o snkSB 29744/3
|i snkKSP 3063/80
|0 0
|1 0
|4 0
|d 2014-10-13
|f 1
|l 0
|r 2025-04-02 00:00:00
|w 2026-02-23
|
| 952 |
|
|
|a SNK
|b SNK
|y VYP
|7 0
|o snkSB 29744/3 D1
|i snkKSP 3064/80
|0 0
|1 0
|4 0
|d 2014-10-13
|l 0
|r 2026-02-23 16:29:46
|w 2026-02-23
|